Harvest : (Record no. 146769)

MARC details
000 -LEADER
fixed length control field 00620nam a22001817a 4500
005 - DATE AND TIME OF LATEST TRANSACTION
control field 20171023120357.0
010 ## - LCCN (DPL NO)
LC control number ENG-120889
020 ## - INTERNATIONAL STANDARD BOOK NUMBER
Terms of availability 399.00
International Standard Book Number 9789350095140
035 ## - SYSTEM CONTROL NUMBER
System control number EN-104421
037 ## - SOURCE OF ACQUISITION
Source of stock number/acquisition DBAD/PUB
082 ## - DEWEY DECIMAL CLASSIFICATION NUMBER
Classification number 882
100 ## - MAIN ENTRY--PERSONAL NAME
Personal name Padmanabhan,Manjula
245 ## - TITLE STATEMENT
Title Harvest :
Statement of responsibility, etc by Manjula Padmanabhan
Remainder of title winner of the Onassis award for original theatrical drama /
260 ## - PUBLICATION, DISTRIBUTION, ETC. (IMPRINT)
Place of publication, distribution, etc Gurugam
Name of publisher, distributor, etc Hachette Book Publishing
Date of publication, distribution, etc 2017
270 ## - ADDRESS
Address 4 th & 5th Floors, Corporate Center, Plot N0-94,Sector 44
City Gurugram (Haryana)
Postal code 122003
300 ## - PHYSICAL DESCRIPTION
Extent xvi,259p.
Dimensions 22cm(pbk)
942 ## - ADDED ENTRY ELEMENTS (KOHA)
Source of classification or shelving scheme Dewey Decimal Classification
Item type English Books
Classification part 882
Call number suffix PAD
Holdings
Withdrawn status Lost status Not for loan Collection code Home library Current library Date acquired Source of acquisition Cost, normal purchase price Full call number Barcode Copy number Cost, replacement price Koha item type
    Not For Loan Non-fiction D.B.Act.Division Bawana 23/10/2017 DBAD/PUB 399.00 882 PAD EN-104421 1 399.00 English Books

© Delhi Public Library
Hit Counter
free hit counter